000 01929cam a22004934i 4500
003 PE-LiUPU
005 20250731173343.0
008 150706s2006 sp rb 000 0 spa d
020 _a8481648345
035 _a(Sirsi) i9788481648348
040 _aPE-LiUPU
_bspa
_cPE-LiUPU
_erda
049 _aPRUA
082 0 4 _a227.1
_bA28
_221
100 1 _aAgamben, Giorgio,
_d1942- ,
_eautor.
245 1 3 _aEl tiempo que resta :
_bcomentario a la carta a los romanos /
_cGiorgio Agamben; traducción de Antonio Piñero.
264 1 _aMadrid :
_bTrotta,
_c[2006].
300 _a183 páginas ;
_c23 centímetros
336 _atext
_2rdacontent
337 _aunmediated
_2rdamedia
338 _avolume
_2rdacarrier
490 0 _aColección Estructuras y Proceso. Serie Filosofía
504 _aIncluye bibliografía.
505 0 _aPrimera jornada: Paulos doulos christou Iesou -- Segunda jornada: Kletós -- Tercera jornada: Aphorisménos -- Cuarta jornada: Apóstolos -- Quinta jornada: Eis euaggélion theou -- Sexta jornada: (Eis euaggélion theou) -- Umbral o tornada.
526 _aSEG42
526 _aSEG41
526 _aSEG40
526 _aSEG39
526 _aP94
526 _aP87
526 _aP86
526 _aP85
526 _aP77
526 _aP76
526 _aP35
541 _g007-0020317;
630 _aBiblia.
_pN.T.
_pRomanos
_xComentarios.
700 1 _aPiñero, Antonio,
_etr.
910 _agl
_bjv
_clch
_d20091007
942 _2ddc
_cBOOK
949 _a227.1 A28
_wDEWEY
_c1
_i60356
_lCCODEBUL1
_mBUL
_p21.00
_r0
_sY
_tBOOK
_u2015-7-6
_xTEOLOGIA
_zUNKNOWN
_0COMPRA
_o.STAFF. Colección Teología
994 _aC0
_bPEPRU
596 _a1
999 _a227.1 A28
_wDEWEY
_c49819
_i60356
_e2017-3-31
_f2021-11-9
_g5
_lCCODEBUL1
_mBUL
_n1
_p21.00
_r0
_sY
_tBOOK
_u2015-7-6
_xTEOLOGIA
_PP35
_0COMPRA
_o.STAFF. Colección Teología
_d49819
980 _81
_gALBERTO SANCHEZ Responsable de Automatización